[Event "Superbet Rapid GCT 2019"]
[Site "Bucharest"]
[Date "2019.11.07"]
[Round "4.4"]
[White "Korobov, Anton"]
[Black "Anand, Viswanathan"]
[Result "1-0"]
[WhiteElo "2679"]
[BlackElo "2765"]
[Annotator "TA"]
[PlyCount "53"]
[EventDate "2019.11.06"]
[EventType "tourn"]
[EventCountry "ROU"]
[SourceTitle "playchess.com"]
[Source "ChessBase"]
[SourceQuality "1"]

{[%evp 14,53,14,15,27,3,10,0,12,9,34,17,21,18,22,4,2,0,0,0,8,-37,-43,-48,67,86,96,86,376,369,395,201,414,440,995,1012,1498,1508,1502,1453,29996,29997]} 1. d4 Nf6 2. c4 e6 3. Nf3 d5 4. Nc3 Bb4 5. Bg5 h6 6. Bxf6 Qxf6 7. Qa4+ Nc6 8. e3 O-O {D38: Queen's Gambit Declined: Ragozin Defence (4 Nf3 Bb4)} 9. Rd1 (9. Rc1 Rd8 10. Be2 dxc4 11. Bxc4 Bxc3+ 12. bxc3 Bd7 13. Be2 e5 14. Qc2 Bf5 15. Qb2 e4 16. Nd2 {1-0 (47) Ding,L (2805)-Giri,A (2779) Saint Louis 2019}) 9... Rd8 10. Qb3 Qe7 $146 {The position is equal.} ({Predecessor:} 10... Qg6 11. h3 dxc4 12. Bxc4 Bxc3+ 13. Qxc3 Bd7 14. Bd3 Qh5 15. a3 Qa5 16. b4 {1-0 (61) Esipenko,A (2593)-Leko,P (2669) Moscow 2018}) 11. a3 dxc4 12. Qxc4 Bd6 13. Bd3 e5 14. d5 Nb8 $1 {[%cal Bc6b8,Bb8d7,Bd7c5][%mdl 32]} 15. g4 Nd7 16. Rg1 Nc5 17. Bb1 b5 18. Nxb5 a5 (18... g6 $1 $15) 19. g5 $40 {[%mdl 128] White is out for blood.} h5 {[#]} 20. g6 $1 {[%cal Rg6f7] And now gxf7+ would win.} f5 $2 {[%mdl 8192]} (20... Rf8 $16) 21. Ng5 $18 Qf6 22. Nf7 (22. Nxd6 $142 cxd6 23. Qh4 Qxg6 24. Nh3) 22... Ba6 $2 (22... f4) 23. Rg5 (23. Nxd8 Rxd8 24. a4 e4 $16) 23... e4 (23... Bxb5 $142 24. Qxb5 Rf8 25. Bxf5 Rxf7) 24. Qe2 Bxb5 25. Qxh5 {[%csl Gf7][%cal Rh5h8] [#]} ({Less strong is} 25. Qxb5 f4 $18) 25... Kf8 26. Rxf5 Qxb2 27. Ne5+ {Accuracy: White = 49%, Black = 24%.} 1-0

[Event "Superbet Rapid GCT 2019"]
[Site "Bucharest"]
[Date "2019.11.07"]
[Round "4.5"]
[White "Caruana, Fabiano"]
[Black "Karjakin, Sergey"]
[Result "1-0"]
[WhiteElo "2812"]
[BlackElo "2760"]
[Annotator "TA"]
[PlyCount "197"]
[EventDate "2019.11.06"]
[EventType "tourn"]
[EventCountry "ROU"]
[SourceTitle "playchess.com"]
[Source "ChessBase"]
[SourceQuality "1"]

{[%evp 9,197,21,25,28,33,27,22,29,34,23,26,35,29,27,31,37,34,22,33,35,27,35,46,31,33,10,10,9,14,0,14,0,16,12,24,24,27,20,19,2,9,0,12,0,12,12,14,12,24,24,23,-8,18,0,20,19,21,18,33,29,25,25,25,25,25,35,20,7,35,29,29,29,33,25,54,56,67,67,77,60,61,58,60,25,60,25,25,0,25,25,25,0,25,25,37,41,117,117,117,117,110,109,170,35,35,27,73,33,73,74,143,121,166,58,154,27,33,8,20,20,20,20,20,20,20,20,20,20,20,20,20,20,20,20,20,20,20,20,20,20,20,20,20,20,20,0,20,20,20,0,20,0,0,0,20,20,20,20,20,20,20,20,20,20,20,20,20,20,20,20,20,20,20,20,20,12,20,20,29968,29968,29968,29968,29968,8,29966,29945,29977,29978,29978,29979]} 1. c4 Nf6 2. Nc3 e5 3. Nf3 Nc6 4. Qc2 (4. g3 d5 5. cxd5 Nxd5 6. Bg2 Bc5 7. O-O O-O 8. d3 h6 9. Nxd5 Qxd5 10. Nd2 Qe6 11. b3 Re8 12. Bb2 Bd7 13. e3 Rad8 14. a3 Qg6 15. Qc2 Bb6 16. b4 Bf5 {½-½ (40) Ding,L (2811)-Radjabov,T (2758) Khanty-Mansiysk 2019}) (4. g3 Bb4 5. Nd5 Bc5 6. Bg2 d6 7. O-O O-O 8. e3 Re8 9. b3 Bg4 10. h3 Bh5 11. d3 a5 12. a3 Nxd5 13. cxd5 Ne7 14. g4 Bg6 15. d4 Bb6 16. dxe5 {½-½ (52) Caruana,F (2818)-Karjakin,S (2750) Saint Louis 2019}) 4... d5 5. cxd5 Nxd5 {[#]} 6. Nxe5 $1 {[%mdl 576] Decoy. A28: English Opening: Four Knights Variation} Nxe5 7. Qe4 Nb4 8. Qxe5+ {The position is equal.} Be7 9. Qe4 $1 g6 $146 {And now ...Bf5 would win.} ({Predecessor:} 9... O-O 10. a3 Nc6 11. e3 Re8 {1-0 (35) Granda Zuniga,J (2641)-Do Valle Cardoso,L (2143) Florianopolis 2019}) 10. Qb1 $1 O-O 11. a3 Nc6 12. e3 Bf5 13. d3 Ne5 {[%cal Re5d3]} 14. e4 Be6 15. Be2 Nc6 16. Be3 Nd4 17. Bxd4 Qxd4 18. O-O Rad8 19. Qc2 c6 20. Kh1 f5 21. Rad1 a5 22. Bf3 fxe4 23. Bxe4 Bf6 24. f4 Bg7 25. Na4 Kh8 26. Nc5 Bc8 27. Rb1 Qd6 28. g3 b6 29. Na4 c5 30. h4 Be6 31. Nc3 Bg8 32. Kg2 c4 33. Rbd1 cxd3 34. Rxd3 Qc5 {...Bc4 is the strong threat.} 35. Rfd1 Rxd3 36. Rxd3 b5 37. Qd2 b4 38. axb4 axb4 39. Nd5 Qc4 40. Bf3 b3 41. Ne3 Qc5 42. Bd5 Bxd5+ 43. Rxd5 Qe7 44. Kh2 Re8 45. Rd3 Qe6 46. Rd8 (46. Qd1 {is more complex.} Rb8 47. Rd6 Qe7 48. Nc4 Bf6 49. Kh3) 46... Qg8 47. Rxe8 (47. Rd6 {feels hotter.} Qf7 48. Rb6 Qg8 49. Qd3 Bxb2 50. Rxb3 Rd8 51. Qc2) 47... Qxe8 48. Nc4 Qe7 49. Qd3 h6 50. Kg2 Qb7+ 51. Qf3 Qe7 52. Kf1 h5 (52... Qe6 $14 53. Qxb3 Qh3+ 54. Ke2 Qg2+ 55. Kd1 Qg1+ 56. Kc2 Qf2+ 57. Nd2 Qa7) 53. Qxb3 $16 Qe4 {[#]} 54. Ne5 $1 {[%cal Re5f7] Intending Nf7+ and mate.} Kh7 (54... Bxe5 55. fxe5) 55. Qc3 Bf8 (55... Bxe5 $16 {was called for.} 56. fxe5 Qh1+ 57. Kf2 Qh2+ 58. Kf3 Qh1+ 59. Ke3 Qh3) 56. Qd3 (56. Kf2 $18) 56... Qh1+ $14 57. Ke2 Qg2+ 58. Kd1 (58. Ke1 $5 {[%cal Rd3g6]} Qg1+ 59. Ke2 (59. Kd2 Qf2+ 60. Kc3 Qc5+ 61. Kd2 Qf2+ 62. Kd1 Qg1+ 63. Ke2 Qg2+ 64. Kd1 Qg1+ 65. Ke2 Qg2+ $16) 59... Qg2+ 60. Kd1 Qg1+ 61. Ke2 Qg2+ $16) 58... Qg1+ 59. Kc2 Qc5+ (59... Qf2+ $142 60. Kc3 Qc5+ 61. Nc4 Bg7+ 62. Kb3 Kh6) 60. Nc4 Bg7 61. Qe2 (61. b3 $1 $18) 61... Qg1 {[#]} ({Black should try} 61... Qf5+ $14 62. Qd3 Qc5) 62. Qe3 (62. Qf3 $1 $16) 62... Qg2+ $11 63. Kb3 Qd5 {Strongly threatening ...Qb5+.} 64. Qe2 Qb5+ 65. Kc2 Bxb2 66. f5 {Threatens to win with fxg6+.} Bg7 67. fxg6+ Kxg6 68. Qe4+ Qf5 69. Kd3 Qxe4+ 70. Kxe4 {[%mdl 4096] Endgame KB-KN} Bc3 71. Ne5+ Kh6 72. Nd3 Kg6 73. Nf4+ Kh6 74. Kf5 Be1 75. Ne2 Bf2 76. Kf6 Be1 77. Kf5 Bf2 78. Kf4 Kg6 79. Ke5 Be1 80. Ke6 Bf2 81. Ke5 Be1 82. Ke4 Bf2 83. Kf3 {aiming for Nf4+.} Be1 84. Nf4+ Kh6 85. Nd5 Kg6 86. Ne3 Bd2 87. Ng2 Kh6 88. Ke4 Kg6 89. Ke5 Ba5 90. Ke6 Bc7 91. Nf4+ Kh6 92. Kf7 Bb8 93. Ne2 Kh7 $2 {[%mdl 8192] [#]} (93... Bc7 $11) 94. Kf6 $1 {[%cal Rf6g5]} Kh6 95. Nd4 Bc7 96. Nf5+ Kh7 {intending ...Bd8+.} 97. Kg5 {White mates.} Ba5 98. Kxh5 Be1 99. g4 {Accuracy: White = 64%, Black = 58%.} 1-0

[Event "Superbet Rapid GCT 2019"]
[Site "Bucharest"]
[Date "2019.11.07"]
[Round "5.1"]
[White "Mamedyarov, Shakhriyar"]
[Black "Korobov, Anton"]
[Result "1/2-1/2"]
[WhiteElo "2767"]
[BlackElo "2679"]
[Annotator "TA"]
[PlyCount "97"]
[EventDate "2019.11.06"]
[EventType "tourn"]
[EventCountry "ROU"]
[SourceTitle "playchess.com"]
[Source "ChessBase"]
[SourceQuality "1"]

{[%evp 15,97,-64,0,0,41,0,37,11,2,0,0,-5,30,33,19,33,49,15,37,11,14,16,10,0,0,-12,-13,-12,0,0,0,0,0,-8,0,0,0,0,0,0,0,0,0,0,0,0,0,0,0,7,41,0,0,0,0,-50,-49,-50,-50,-50,-50,-50,-50,-52,0,0,0,0,0,0,0,0,0,0,0,0,0,0,0,0,0,0,0,0]} 1. c4 e6 2. d4 d5 3. Nc3 c6 4. Nf3 Nf6 5. g3 dxc4 6. Bg2 Nbd7 7. O-O Be7 8. e3 O-O (8... b5 $15) 9. a4 $11 {E07: Closed Catalan: Main Line (5 Nf3 0-0 6 0-0 Nbd7)} Qc7 $146 ({Predecessor:} 9... c5 10. dxc5 Nxc5 11. Ne5 Nb3 12. Rb1 Qc7 13. f4 a6 14. Qe2 Na5 15. Bd2 Bd7 16. Nxd7 Nxd7 {0-1 (67) Shipov,S (2589)-Karjakin,S (2562) bereg.ru Int 2003}) 10. Qe2 e5 11. Qxc4 {White is slightly better.} exd4 12. Nb5 Qa5 13. Nbxd4 Ne5 14. Nxe5 Qxe5 15. b4 {[%cal Bb2b4,Bb4b5][%mdl 32]} Qh5 16. Bb2 Bh3 17. b5 c5 18. Nf3 Rad8 19. Rfd1 Be6 20. Qh4 {[#] And now Bxf6 would win.} Rxd1+ 21. Rxd1 Qg6 22. Rc1 {Ne5 is the strong threat.} Qd3 23. Bf1 Qb3 24. Be5 Nd5 25. Qe4 f5 26. Qc4 Nb4 27. Nd2 Bxc4 28. Bxc4+ Qxc4 29. Nxc4 Rd8 30. Kf1 Kf7 31. Ke2 g5 32. Bc7 Rd5 (32... Re8 {is interesting.} 33. f4 Nd5 34. Be5 Ke6 35. Na5 b6) 33. Ba5 Ke6 34. Bxb4 cxb4 {[%mdl 4096] Endgame KRB-KRN} 35. Nd2 (35. Na5 {feels hotter.} Bf6 36. Rc4 Bc3 37. Nb3 b6 38. Nd4+) 35... Rc5 36. Rxc5 Bxc5 $15 {KB-KN} 37. f3 g4 38. f4 Kd5 39. Kd3 a5 (39... a6 $15) 40. Nb3 $11 {The position is equal.} b6 41. Nd2 Be7 42. Nc4 Kc5 43. Nd2 {Black must now prevent Nb3+.} Kd5 44. Nc4 Bd8 45. Nd2 h5 46. Nb3 Bf6 47. Nd2 Bc3 {[#] Hoping for ...Bxd2.} 48. Nb3 Bf6 49. Nd2 {Accuracy: White = 74%, Black = 70%.} 1/2-1/2

[Event "Superbet Rapid GCT 2019"]
[Site "Bucharest"]
[Date "2019.11.07"]
[Round "5.2"]
[White "Le, Quang Liem"]
[Black "Caruana, Fabiano"]
[Result "0-1"]
[WhiteElo "2708"]
[BlackElo "2812"]
[Annotator "TA"]
[PlyCount "68"]
[EventDate "2019.11.06"]
[EventType "tourn"]
[EventCountry "ROU"]
[SourceTitle "playchess.com"]
[Source "ChessBase"]
[SourceQuality "1"]

{[%evp 22,68,0,0,0,11,14,4,25,23,29,17,14,0,0,0,0,0,0,0,65,63,54,31,81,79,85,31,29,31,37,33,37,10,14,16,12,8,16,-19,-17,-45,-54,-29952,-6160,-6311,-490,-2722,-2550]} 1. d4 Nf6 2. c4 e6 3. Nc3 Bb4 4. e3 O-O 5. Nf3 c5 6. Bd3 d5 7. O-O dxc4 8. Bxc4 cxd4 9. exd4 b6 10. Bg5 Bb7 11. Qe2 ({Predecessor:} 11. Rc1 h6 12. Bh4 Nbd7 {½-½ (41) Batchuluun,T (2521)-Ulko,J (2422) Voronezh 2014}) 11... Nbd7 12. Rac1 h6 {E54: Nimzo-Indian: Rubinstein: Main Line: 7...dxc4 8 Bxc4} 13. Bh4 Rc8 $146 (13... Be7 14. Rfe1 Re8 15. Rcd1 a6 16. a4 Qc8 17. Bb3 Bc6 18. Ne5 Nxe5 19. dxe5 Nd7 20. Bxe7 Rxe7 {½-½ (48) Ivanchuk,V (2733)-Lupulescu,C (2609) Novi Sad 2016}) 14. Bd3 Bxc3 {The position is equal.} 15. bxc3 {[%cal Bb2c3,Bc3c4][%mdl 32]} Qc7 16. Bg3 Qc6 17. Bb5 Qd5 18. c4 Qh5 19. Bd6 Rfe8 $1 20. c5 {[#] And now c6 would win.} Bc6 ({Better is} 20... a6 $1 $11 21. Ne5 (21. Bxa6 Bxa6 22. Qxa6 bxc5 $11) (21. c6 axb5 22. cxb7 Rxc1 $15) 21... axb5 22. Qxh5 Nxh5 23. Nxd7 bxc5 24. dxc5 (24. Nxc5 Bd5 $17) 24... Rcd8) 21. Ba6 $14 Ra8 $1 22. Rfd1 bxc5 23. dxc5 e5 24. Bb5 (24. h3 $16) 24... Bxb5 25. Qxb5 {Hoping for c6.} e4 $1 {[%cal Re4f3]} 26. Nd4 Ne5 $1 {[%cal Bd7e5,Be5d3,Bd3f2,Bf2h3][%mdl 32]} 27. c6 {Threatens to win with c7.} e3 $1 {[%cal Re3f2]} 28. f3 {Rc5 is the strong threat.} e2 $1 {[%cal Re2d1]} 29. Re1 Qg5 $1 {[%cal Rg5e3]} 30. Kh1 ({Reject} 30. Qxe2 Nxc6 31. Qf2 Nxd4 $15) 30... a6 31. Qb1 {aiming for Rc5.} Nd3 $1 $40 {[%cal Rd3c1][%mdl 128] Black attacks.} 32. f4 $2 {[%mdl 8192]} (32. Qxd3 $15 Qxc1 {[%mdl 64] Decoy} 33. Rxc1 e1=Q+ 34. Qf1 Qxf1+ 35. Rxf1) 32... Nf2+ 33. Kg1 Nh3+ 34. Kh1 {[#]} Ng4 $1 {[%mdl 512] Accuracy: White = 40%, Black = 86%.} 0-1

[Event "Superbet Rapid GCT 2019"]
[Site "Bucharest"]
[Date "2019.11.07"]
[Round "5.3"]
[White "Anand, Viswanathan"]
[Black "Aronian, Levon"]
[Result "1-0"]
[WhiteElo "2765"]
[BlackElo "2758"]
[Annotator "TA"]
[PlyCount "157"]
[EventDate "2019.11.06"]
[EventType "tourn"]
[EventCountry "ROU"]
[SourceTitle "playchess.com"]
[Source "ChessBase"]
[SourceQuality "1"]

{[%evp 9,157,11,25,26,18,21,45,21,20,17,18,17,32,27,31,24,36,16,64,23,33,19,33,33,74,70,67,68,64,55,72,60,58,50,41,28,92,98,91,53,53,52,64,64,64,64,64,64,64,64,66,64,64,13,64,64,64,64,82,83,118,109,145,147,186,186,204,161,294,302,283,274,308,302,494,493,454,456,540,389,379,372,371,363,351,0,356,0,303,193,191,185,187,0,121,135,122,116,109,75,383,58,71,24,379,358,1168,1118,814,674,2000,1944,1018,527,575,508,521,501,550,537,739,715,715,634,371,365,1125,1027,29952,7158,1218,844,1087,1087,1087,670,1074,1051,29958,11957,29974,29977,29981,29982,29981,29982,29983,29984,29985,29986]} 1. e4 e5 2. Nf3 Nc6 3. Bc4 Nf6 4. d3 Bc5 5. c3 a6 6. a4 {C54: Giuoco Piano: 4 c3 Nf6, main lines with 5 d4 and 5 d3} O-O 7. O-O Ba7 8. Re1 {White is slightly better.} d6 9. h3 Re8 (9... Kh8 10. d4 h6 11. dxe5 Nxe5 12. Nxe5 dxe5 13. Qxd8 Rxd8 14. Nd2 Kg8 15. Nf3 {½-½ (31) Anand,V (2771)-Aronian,L (2780) Batumi 2018}) 10. Nbd2 Be6 11. Bxe6 Rxe6 12. b4 d5 13. Qc2 {[#]} Ne7 $146 ({Predecessor:} 13... h6 14. Nf1 d4 {½-½ (64) Giri,A (2782)-Caruana,F (2804) Leuven 2016}) 14. exd5 Nfxd5 15. Nc4 (15. Ng5 {is interesting.} Rc6 16. Nc4 Ng6 17. Nf3 Re6 18. Ncxe5 Qe8 19. d4) 15... Ng6 16. Ncxe5 (16. Nfxe5 $2 Qe8 $19) 16... Nxe5 17. Rxe5 Rxe5 18. Nxe5 Nxc3 19. Nxf7 $1 (19. Qxc3 Bd4 $11) 19... Qd5 20. Be3 ({Much worse is} 20. Qxc3 Bd4 $15) 20... Bd4 21. Bxd4 $1 Qxd4 22. Ng5 Re8 (22... Ne2+ $11 23. Kh2 h6) 23. Qb3+ $16 Nd5 24. Rf1 c6 $1 25. b5 axb5 26. axb5 Qb4 27. Qxb4 Nxb4 28. bxc6 bxc6 $14 {[%mdl 4096] Endgame KRN-KRN} 29. d4 Rd8 30. Ne6 Rd6 31. Re1 (31. Rb1 $14) 31... Kf7 (31... h6 $1 $11) 32. Ng5+ Kg6 33. Nf3 Kf6 34. Kf1 Na6 35. Rc1 Nc7 36. Ke2 Ne6 37. Ke3 Ke7 38. Ke4 Nd8 (38... h6 {was worth a try.} 39. Rc4 Ng5+ 40. Nxg5 hxg5) 39. Ne5 $18 g5 40. Ra1 Rf6 41. f3 h6 $2 (41... Rf4+ {was necessary.} 42. Kd3 Ke8) 42. Ra7+ Ke8 43. g3 Rd6 44. f4 gxf4 45. gxf4 Ne6 46. Nf3 Nf8 47. Ne5 Ne6 $1 48. Nf3 Nf8 $1 49. f5 {And now Ne5 would win.} Nd7 50. Ra5 $1 Ke7 51. Ra7 (51. Ne5 $18 {Black must now prevent Ra7.} Nf6+ 52. Kf3) 51... Ke8 $1 $16 52. Ne5 Nf6+ {[#]} 53. Ke3 $1 Nd5+ 54. Kd3 Rf6 $2 {[%mdl 8192] [#]} (54... Nf4+ $16 55. Ke3 Nxh3) 55. Ra8+ $2 (55. Nc4 $1 $18 {and the rest is easy.}) 55... Ke7 56. Ng6+ Kf7 $2 {[%mdl 8192]} (56... Kd6 $11 {and Black has nothing to worry.}) 57. Ke4 $18 Nb6 $2 (57... Kg7 58. Nf4 Rf7 59. Nxd5 cxd5+ 60. Ke5 (60. Kxd5 Rxf5+ 61. Ke6 Rf3 $16) 60... Re7+ 61. Kxd5 Re1) 58. Ra7+ Ke8 59. Ne5 Nc8 60. Ra8 Kd8 61. Ng4 Rf8 62. Nxh6 Kc7 {Threatens to win with ...Nd6+.} 63. Kf4 Rd8 64. Ra4 Nb6 65. Ra7+ Kb8 66. Rg7 Rxd4+ 67. Kg5 c5 $2 (67... Nd7 68. Ng4 c5) 68. f6 c4 69. f7 Nd7 70. Rg8+ Kc7 71. f8=Q Nxf8 72. Rxf8 {KRN-KR} Rd3 73. h4 Rg3+ 74. Ng4 Kb6 75. h5 {White mates.} Kb5 76. h6 Rh3 77. Kg6 c3 78. h7 Kb4 79. h8=Q {Accuracy: White = 60%, Black = 32%.} 1-0

[Event "Superbet Rapid GCT 2019"]
[Site "Bucharest"]
[Date "2019.11.07"]
[Round "5.4"]
[White "Artemiev, Vladislav"]
[Black "Giri, Anish"]
[Result "1-0"]
[WhiteElo "2746"]
[BlackElo "2780"]
[Annotator "TA"]
[PlyCount "59"]
[EventDate "2019.11.06"]
[EventType "tourn"]
[EventCountry "ROU"]
[SourceTitle "playchess.com"]
[Source "ChessBase"]
[SourceQuality "1"]

{[%evp 14,59,0,0,0,0,0,0,7,20,20,15,16,27,56,35,39,9,14,0,0,-11,-1,-15,-15,-51,-22,-36,464,461,469,447,715,709,709,721,671,691,1770,1754,1763,1747,2276,2281,1548,1324,29986,29987]} 1. c4 c6 2. e4 d5 3. exd5 cxd5 4. d4 Nf6 5. Nc3 Nc6 6. Bf4 dxc4 7. Bxc4 e6 8. Nf3 Bd6 {D40: Queen's Gambit Declined: Semi-Tarrasch with 5 e3} 9. Ne5 O-O (9... Bxe5 10. dxe5 Qxd1+ 11. Rxd1 Nd7 12. Bb5 O-O 13. Bxc6 bxc6 14. Ne4 c5 15. f3 c4 16. Kf2 {0-1 (45) Ivanchuk,V (2741)-Inarkiev,E (2669) Astrakhan 2010}) 10. O-O Bb8 $146 {The position is equal.} ({Predecessor:} 10... a6 11. Re1 Bb8 12. Bg5 h6 13. Nxc6 bxc6 14. Be3 Qd6 15. g3 Rd8 16. Qf3 {1-0 (41) Shabala,S (2362)-Afanasjev,A (2008) Alushta 2011}) 11. Nxc6 bxc6 12. Be5 Nd7 13. Qe2 a5 14. Rad1 Qb6 15. Bd3 Ba6 16. h4 Rd8 17. Bxa6 Qxa6 18. Qh5 {Black must now prevent Bxg7!} h6 19. Ne4 Qb5 {[%cal Rd7e5]} 20. f4 $1 Qxb2 $2 {[%mdl 8192] [#]} (20... f6 $15 {keeps the upper hand.} 21. Qg6 fxe5 22. fxe5 Nf8 23. Rxf8+ Rxf8 24. Nf6+ Rxf6 $1 {[%mdl 512]} 25. exf6 Qb7 26. Qe8+ Kh7) 21. Bxg7 $1 $18 {[%mdl 512]} Kxg7 {[#]} 22. f5 $1 {[%cal Rf5f6] Threatens to win with f6+.} exf5 (22... Ba7 $142) 23. Rxf5 Ne5 24. Rxe5 Bxe5 25. Qxe5+ Kf8 26. Qh8+ {[%mdl 64] Double Attack} Ke7 27. Qf6+ {[%mdl 64] Double Attack} Kf8 28. Qxh6+ Ke7 29. Qf6+ Kf8 30. Ng5 {Accuracy: White = 63%, Black = 36%.} 1-0

[Event "Superbet Rapid GCT 2019"]
[Site "Bucharest"]
[Date "2019.11.07"]
[Round "5.5"]
[White "Karjakin, Sergey"]
[Black "So, Wesley"]
[Result "1/2-1/2"]
[WhiteElo "2760"]
[BlackElo "2767"]
[Annotator "TA"]
[PlyCount "50"]
[EventDate "2019.11.06"]
[EventType "tourn"]
[EventCountry "ROU"]
[SourceTitle "playchess.com"]
[Source "ChessBase"]
[SourceQuality "1"]

{[%evp 16,50,14,0,7,0,8,0,6,0,27,26,55,0,0,0,0,0,0,0,0,0,0,0,0,-4,-3,-5,-2,-2,0,-3,-1,-1,0,0,0]} 1. e4 e5 2. Nf3 Nc6 3. Nc3 Nf6 4. d4 exd4 5. Nxd4 Bb4 6. Nxc6 bxc6 7. Bd3 d5 8. Bd2 O-O 9. O-O Re8 {C47: Scotch Four Knights and Four Knights with 4 g3} 10. Re1 Rb8 11. a3 Bd6 $146 ({Predecessor:} 11... Bxc3 12. Bxc3 dxe4 13. Bxe4 Qxd1 14. Raxd1 Nxe4 15. Rxe4 Bf5 16. Rxe8+ Rxe8 17. h3 Bxc2 {1-0 (71) Karjakin,S (2750)-Rapport,R (2747) Saint Louis 2019}) 12. h3 Bd7 13. b4 a5 14. exd5 (14. bxa5 $14 d4 15. Na4) 14... Rxe1+ {The position is equal.} 15. Bxe1 axb4 16. dxc6 Bxc6 17. axb4 Bxb4 18. Rb1 {[#] Hoping for Rxb4!} Bc5 19. Rxb8 Qxb8 20. Bd2 h6 21. Qe1 Qa8 22. Bf1 Qa7 23. Bd3 Qb7 24. Bf1 Qa7 25. Bd3 Qb7 {Accuracy: White = 50%, Black = 56%.} 1/2-1/2

[Event "Superbet Rapid GCT 2019"]
[Site "Bucharest"]
[Date "2019.11.07"]
[Round "6.1"]
[White "So, Wesley"]
[Black "Korobov, Anton"]
[Result "0-1"]
[WhiteElo "2767"]
[BlackElo "2679"]
[Annotator "TA"]
[PlyCount "70"]
[EventDate "2019.11.06"]
[EventType "tourn"]
[EventCountry "ROU"]
[SourceTitle "playchess.com"]
[Source "ChessBase"]
[SourceQuality "1"]

{[%evp 23,70,23,26,29,47,47,38,35,36,43,96,80,72,85,210,191,212,205,202,102,99,105,105,49,82,11,11,13,8,13,16,17,8,-199,-185,-175,-179,-167,-182,-448,-433,-429,-424,-418,-411,-278,-239,-1486,-1432]} 1. e4 c5 2. Nf3 d6 3. Bb5+ Bd7 4. Bxd7+ Nxd7 5. O-O Ngf6 6. Qe2 Qc7 7. b3 e6 8. Bb2 Be7 9. d4 cxd4 10. Nxd4 O-O 11. c4 a6 12. Nc3 Ne5 13. Kh1 {B52: Sicilian: Moscow Variation with 3...Bd7} Rfe8 $146 ({Predecessor:} 13... Nc6 14. Nc2 Qb8 15. f3 b6 16. Ne3 Qb7 17. f4 b5 18. Rad1 Rad8 19. Ncd5 exd5 20. cxd5 Nb8 21. Nf5 g6 22. e5 Ne8 23. Nh6+ Kg7 24. e6+ Kxh6 25. f5 f6 26. fxg6 hxg6 27. Rd3 {1-0 (27) Muukkonen,K (2416)-Cantelli,A (2331) ICCF email 2012}) 14. Rad1 {[%cal Ba1d1,Bd1d4,Bd4d3,Bd3g3][%mdl 32]} Nc6 15. f4 {White is slightly better.} Nxd4 16. Rxd4 Rad8 (16... b5 $14) 17. Rd3 $16 Qc6 18. Rg3 h6 (18... Rf8 $16 {was worth a try.}) 19. e5 $1 $18 {[%cal Re5f6]} dxe5 20. fxe5 Nh7 {[#]} 21. Qh5 ({White should play} 21. Qg4 $1 $18 {[%csl Gg3][%cal Rg4g7][%mdl 512]} Bf8 22. Ba3 $1 {[%mdl 512]}) 21... Bg5 $16 (21... Ng5 $2 22. h4 $18) 22. Rxf7 {Intending Qg6! and mate.} Rf8 23. Rxf8+ (23. Rgf3 $16 {White threatens Qg6! and mate.} Rxf7 24. Qxf7+ Kh8 25. Qg6) 23... Nxf8 24. Ba3 (24. Rf3 $16) 24... Bf4 $1 $11 {[%cal Rf4g3]} 25. Rf3 Qe4 $1 {[%cal Re4e1] ( -> ...Qe1+)} 26. Rf1 (26. Nxe4 $2 {leads to mate.} Rd1+ 27. Rf1 Rxf1#) 26... Qxe5 27. Qf3 Ng6 28. Ne4 $2 (28. g3 $11 {and White is okay.} Bg5 29. Bb4) 28... Nh4 $1 $19 {[%cal Rh4f3]} 29. Qg4 ({But not} 29. Qe2 $2 Rd2 $1 $19 {[%mdl 512]}) 29... Qxe4 30. Qxh4 Rd2 $40 {[%csl Gd2][%cal Re4g2][%mdl 192] Double Attack. White is in trouble.} 31. Qg4 $2 (31. Rg1 {only move.}) 31... h5 32. Qh3 Qe2 {[%cal Re2f1]} 33. Rg1 b6 34. Bb4 {[#]} Rd3 $1 {[%cal Rd3h3]} ({Don't play} 34... Rxa2 35. Bc3 $17) 35. Qh4 $2 (35. g3 Bd2 36. Bxd2 Rxd2 37. Qg2) 35... g5 {Accuracy: White = 27%, Black = 66%.} 0-1

[Event "Superbet Rapid GCT 2019"]
[Site "Bucharest"]
[Date "2019.11.07"]
[Round "6.2"]
[White "Aronian, Levon"]
[Black "Mamedyarov, Shakhriyar"]
[Result "1/2-1/2"]
[WhiteElo "2758"]
[BlackElo "2767"]
[Annotator "TA"]
[PlyCount "63"]
[EventDate "2019.11.06"]
[EventType "tourn"]
[EventCountry "ROU"]
[SourceTitle "playchess.com"]
[Source "ChessBase"]
[SourceQuality "1"]

{[%evp 17,63,0,0,0,20,0,7,15,10,14,20,0,0,0,38,34,42,32,61,57,51,48,56,36,30,30,42,16,8,0,0,0,0,0,0,0,0,0,0,0,0,0,0,0,0,0,0,0]} 1. e4 e5 2. Nf3 Nc6 3. Bc4 Bc5 4. c3 Nf6 5. d4 exd4 6. e5 d5 7. Bb5 Ne4 8. cxd4 Bb6 9. Nc3 O-O 10. Be3 {C54: Giuoco Piano: 4 c3 Nf6, main lines with 5 d4 and 5 d3} f5 (10... Bg4 11. h3 Bh5 12. Qc2 Nxc3 13. bxc3 f6 14. exf6 Qxf6 15. Be2 Na5 16. O-O Bxf3 17. Bxf3 c6 {½-½ (39) Dominguez Perez,L (2763)-Grischuk,A (2759) Khanty-Mansiysk 2019}) 11. exf6 Rxf6 12. Rc1 $146 ({Predecessor:} 12. O-O Bg4 13. Be2 Qd6 14. Qb3 Nxc3 15. bxc3 Raf8 16. Rfe1 h6 17. a4 Na5 {½-½ (32) Perez Candelario,M (2591)-Anton Guijarro,D (2656) Las Palmas 2017}) 12... Nxc3 13. bxc3 h6 14. O-O Bg4 15. Be2 Ne7 16. Ne5 Bxe2 17. Qxe2 c6 18. g4 Ng6 19. f4 Nxe5 20. fxe5 Rxf1+ 21. Rxf1 Qe7 22. g5 hxg5 {The position is equal.} 23. Qg4 {[#] Strongly threatening Rf5.} Rf8 24. Rxf8+ Kxf8 25. Qf5+ ({Don't play} 25. Bxg5 Qxe5 26. Bf4 Qe7 $17) 25... Qf7 26. Qc8+ Qe8 27. Qxb7 Qe6 28. Kf2 Qf5+ 29. Ke2 Qc2+ {[%mdl 64] [#] Double Attack} 30. Bd2 Qe4+ 31. Be3 Qc2+ 32. Bd2 {Accuracy: White = 57%, Black = 72%.} 1/2-1/2